[Event "FIDE World Rapid Team"]
[Site "London ENG"]
[Date "2025.06.12"]
[Round "8.3"]
[White "Norwood, David R"]
[Black "Batkhuyag, Munguntuul"]
[Result "1-0"]
[WhiteTitle "GM"]
[BlackTitle "IM"]
[WhiteElo "2494"]
[BlackElo "2356"]
[WhiteTeam "e-therapeutics"]
[BlackTeam "Mongolia-B"]
[WhiteFideId "400106"]
[BlackFideId "4900758"]
[EventDate "2025.06.11"]
[EventType "team"]

1. g3 d5 2. Bg2 c6 3. Nf3 Bg4 4. b3 Nd7 5. Bb2 Ngf6 6. d3 Qc7 7. Nbd2 e5 8. e4
dxe4 9. dxe4 Bc5 10. O-O O-O 11. h3 Bh5 12. Qe1 Rfe8 13. Nh4 Rad8 14. Bf3 Bg6
15. Kg2 Nf8 16. Qe2 Ne6 17. c3 Ng5 18. Nxg6 Qd7 19. Bg4 Nxg4 20. Qxg4 Qxg4 21.
hxg4 Rxd2 22. Bc1 Rc2 23. Bxg5 hxg6 24. Rad1 f6 25. b4 Bb6 26. Bc1 Rxc3 27. Rd7
Rd8 28. Rxb7 Rc4 29. g5 Rcd4 30. gxf6 gxf6 31. Be3 R4d7 32. Bxb6 axb6 33. Rxb6
Rc7 34. Rc1 Rdc8 35. b5 cxb5 36. Rxc7 Rxc7 37. Rxf6 Kg7 38. Rb6 Rc5 39. a3 Rc4
40. f3 Rc2+ 41. Kh3 Rc3 42. Kg4 Rxa3 43. Rxb5 Kf6 44. Rb6+ Kf7 45. Rc6 Re3 46.
Rc4 Kf6 47. Ra4 Kf7 48. f4 Kf6 49. Ra6+ Kf7 50. Ra7+ Kf6 51. Ra4 Re1 52. fxe5+
Kxe5 53. Kg5 Rxe4 54. Ra3 Ke6 55. Rf3 Ke5 56. Kxg6 Rg4+ 57. Kh5 Rg8 58. g4 Rh8+
59. Kg5 Rg8+ 60. Kh4 Rh8+ 61. Kg3 Rg8 62. Rf1 Ke4 63. Rf5 Rh8 64. Ra5 Rh1 65. g5
Rg1+ 66. Kh4 Kf4 67. Kh5 Rb1 68. Kh6 Rh1+ 69. Kg7 Rh5 70. Kf6 Kg4 71. Ra4+ Kf3
72. g6 1-0

[Event "FIDE World Rapid Team"]
[Site "London ENG"]
[Date "2025.06.12"]
[Round "8.4"]
[White "Mungunzul, Bat-Erdene"]
[Black "Mortazavi, Ali"]
[Result "1-0"]
[WhiteTitle "WCM"]
[BlackTitle "IM"]
[WhiteElo "2337"]
[BlackElo "2333"]
[WhiteTeam "Mongolia-B"]
[BlackTeam "e-therapeutics"]
[WhiteFideId "4902831"]
[BlackFideId "401323"]
[EventDate "2025.06.11"]
[EventType "team"]

1. d4 Nf6 2. c4 c5 3. d5 g6 4. Nc3 Bg7 5. e4 O-O 6. Bd3 d6 7. f4 e6 8. Nf3 exd5
9. cxd5 b5 10. Nxb5 Nxe4 11. O-O Re8 12. Ng5 Nxg5 13. fxg5 Ba6 14. Kh1 Bxb5 15.
Bxb5 Nd7 16. Qa4 Re7 17. Qh4 Rb8 18. a4 Ne5 19. Ra3 a6 20. Bxa6 Rb4 21. Qg3 Qa8
22. Be2 Rxa4 23. Rxa4 Qxa4 24. Qh3 Qc2 25. Bb5 c4 26. Bf4 Qe2 27. Qc8+ Bf8 28.
Rg1 Nd3 29. Bg3 Re4 30. h3 Re3 31. Bxd6 Nf2+ 32. Kh2 Rxh3+ 33. gxh3 Ng4+ 34. Kg3
Qh2+ 35. Kxg4 Qxd6 36. Qxc4 Qh2 37. Qf1 Qe5 38. Bc4 Bd6 39. Kf3 Qf4+ 40. Ke2
Qxc4+ 41. Kd1 Qd4+ 42. Kc2 Qxd5 43. Rg4 Be5 44. Qc4 Qh1 45. Re4 Qxh3 46. Rxe5
Qh2+ 47. Re2 1-0

[Event "FIDE World Rapid Team"]
[Site "London ENG"]
[Date "2025.06.12"]
[Round "8.5"]
[White "Sivanandan, Bodhana"]
[Black "Sodbilegt, Naranbold"]
[Result "1/2-1/2"]
[WhiteTitle "WFM"]
[BlackTitle "FM"]
[WhiteElo "2109"]
[BlackElo "2363"]
[WhiteTeam "e-therapeutics"]
[BlackTeam "Mongolia-B"]
[WhiteFideId "497592"]
[BlackFideId "4903528"]
[EventDate "2025.06.11"]
[EventType "team"]

1. e4 c5 2. Nf3 d6 3. Bb5+ Nd7 4. O-O Nf6 5. Re1 g6 6. c3 Bg7 7. d4 a6 8. Bf1
O-O 9. h3 e5 10. dxe5 dxe5 11. Bg5 h6 12. Bxf6 Qxf6 13. c4 Rd8 14. Nc3 Nf8 15.
Nd5 Qd6 16. Qb3 Be6 17. Rad1 Bxd5 18. Rxd5 Qc7 19. Red1 Ne6 20. Rxd8+ Rxd8 21.
Rxd8+ Nxd8 22. Qd3 Nc6 23. a3 Qb6 24. Qc2 Bf6 25. Be2 Kg7 26. Bd1 Na5 27. Qc3
Nc6 28. Be2 h5 29. g3 h4 30. Kg2 hxg3 31. fxg3 Nd4 32. Nxd4 exd4 33. Qd2 Be5 34.
Bd3 Bc7 35. Qf2 Be5 36. Qd2 Qc6 37. Qf2 b5 38. Qe2 Qc7 39. Qf2 Qb7 40. Qe2 bxc4
41. Bxc4 a5 42. b3 Qe7 43. Qf3 Bd6 44. Bd5 f6 45. Bc4 Qe5 46. h4 Bc7 47. Qg4 Kh6
48. Bf7 Qh5 49. Qxh5+ Kxh5 50. Bc4 Kh6 51. Be2 Kg7 52. a4 Kf7 53. Bc4+ Ke7 54.
Kf3 Bb8 55. g4 Kf8 56. h5 g5 57. Bd3 Kg7 58. Bc4 Bf4 59. Bd3 Be5 60. Bc4 1/2-1/2

[Event "FIDE World Rapid Team"]
[Site "London ENG"]
[Date "2025.06.12"]
[Round "8.6"]
[White "Enkhbayar, Genden"]
[Black "Mortazavi, Sami"]
[Result "0-1"]
[WhiteElo "1837"]
[BlackElo "1805"]
[WhiteTeam "Mongolia-B"]
[BlackTeam "e-therapeutics"]
[WhiteFideId "4928415"]
[BlackFideId "343443834"]
[EventDate "2025.06.11"]
[EventType "team"]

1. d4 g6 2. c4 Bg7 3. Nc3 d6 4. Nf3 Nf6 5. Bg5 O-O 6. e3 h6 7. Bh4 c5 8. Bd3 Nc6
9. h3 cxd4 10. exd4 Qb6 11. d5 Qxb2 12. Rc1 Nb4 13. Bb1 g5 14. Na4 Nd3+ 15. Bxd3
Qb4+ 16. Nc3 gxh4 17. O-O e6 18. Ne4 Nxe4 19. Bxe4 f5 20. Bb1 e5 21. Nxh4 e4 22.
Qh5 Rf6 23. Ng6 Bd7 24. Nf4 Qd2 25. Qh4 Re8 26. Rfd1 Qa5 27. Nh5 Rg6 28. Nxg7
Kxg7 29. Qf4 Qd8 30. Qe3 b6 31. f4 exf3 32. Qxf3 Qg5 33. Rf1 Re3 34. Qf4 Qxg2# 0-1

[Event "FIDE World Rapid Team"]
[Site "London ENG"]
[Date "2025.06.12"]
[Round "8.1"]
[White "Rakotomaharo, Fy Antenaina"]
[Black "Samadov, Read"]
[Result "1/2-1/2"]
[WhiteTitle "IM"]
[BlackTitle "IM"]
[WhiteElo "2441"]
[BlackElo "2522"]
[WhiteTeam "Mother Continent"]
[BlackTeam "Rookies"]
[WhiteFideId "13100050"]
[BlackFideId "13417444"]
[EventDate "2025.06.11"]
[EventType "team"]

1. e4 c5 2. a4 d6 3. Bb5+ Bd7 4. f4 Nc6 5. Nf3 g6 6. O-O Bg7 7. d3 Nf6 8. Qe1
O-O 9. Qh4 Nd4 10. Nxd4 cxd4 11. Bc4 d5 12. exd5 Bf5 13. Na3 Nxd5 14. g4 Bf6 15.
Qg3 Bc8 16. f5 Ne3 17. Bxe3 dxe3 18. c3 e2 19. Rfe1 gxf5 20. g5 Kh8 21. Kf2 Rg8
22. h4 e6 23. Qe3 Qd6 24. Kxe2 Bg7 25. Nb5 Qh2+ 26. Qf2 Qxf2+ 27. Kxf2 Bf8 1/2-1/2

[Event "FIDE World Rapid Team"]
[Site "London ENG"]
[Date "2025.06.12"]
[Round "8.2"]
[White "Shogdzhiev, Roman"]
[Black "Wanyama, Harold"]
[Result "1-0"]
[WhiteTitle "FM"]
[BlackTitle "FM"]
[WhiteElo "2402"]
[BlackElo "2143"]
[WhiteTeam "Rookies"]
[BlackTeam "Mother Continent"]
[WhiteFideId "55653537"]
[BlackFideId "10000380"]
[EventDate "2025.06.11"]
[EventType "team"]

1. e4 c5 2. Nf3 e6 3. d4 cxd4 4. Nxd4 Nc6 5. Nc3 Qc7 6. Be3 a6 7. Qf3 Nf6 8.
O-O-O Ne5 9. Qg3 b5 10. f4 Neg4 11. Bg1 h5 12. e5 b4 13. Na4 Ne4 14. Qe1 Bb7 15.
h3 Nh6 16. Bd3 f5 17. exf6 gxf6 18. f5 Nxf5 19. Nxf5 exf5 20. Nb6 Rd8 21. Nc4 d5
22. Bb6 Qf4+ 23. Nd2 Rd7 24. Rf1 Qe5 25. Nf3 Qg3 26. Qe2 Kf7 27. Nd4 Qd6 28.
Nxf5 Qxb6 29. Bxe4 Qa5 30. Kb1 Bc6 31. Bf3 Kg6 32. Qe8+ Kh7 33. Qxh5+ Kg8 34.
Qg6+ Bg7 35. Rfe1 1-0

[Event "FIDE World Rapid Team"]
[Site "London ENG"]
[Date "2025.06.12"]
[Round "8.3"]
[White "George Samir, David"]
[Black "Royal, Shreyas"]
[Result "0-1"]
[WhiteTitle "FM"]
[BlackTitle "GM"]
[WhiteElo "2356"]
[BlackElo "2492"]
[WhiteTeam "Mother Continent"]
[BlackTeam "Rookies"]
[WhiteFideId "10657789"]
[BlackFideId "448869"]
[EventDate "2025.06.11"]
[EventType "team"]

1. e4 c5 2. Nf3 d6 3. d4 cxd4 4. Nxd4 Nf6 5. Nc3 Nc6 6. Bg5 e6 7. Qd3 Bd7 8.
O-O-O a6 9. f4 Be7 10. Nxc6 Bxc6 11. Qg3 Nxe4 12. Nxe4 Bxe4 13. Bxe7 Qxe7 14.
Qxg7 O-O-O 15. Bd3 Bc6 16. Qc3 Qc7 17. Rhg1 h5 18. g3 Bf3 19. Qxc7+ Kxc7 20.
Rdf1 Bc6 21. Re1 Rdg8 22. Bc4 Rg4 23. h3 Rg7 24. f5 d5 25. Bd3 Kd6 26. fxe6 fxe6
27. Be2 e5 28. Ref1 Rhg8 29. Bxh5 Rxg3 30. Rxg3 Rxg3 31. Bg4 d4 32. Bf5 Bf3 33.
Re1 Kd5 34. Bc8 Kd6 35. Bf5 Rg2 36. a4 b6 37. b4 a5 38. bxa5 bxa5 39. Kb2 Kd5
40. Kb3 e4 41. Bc8 Rg3 42. Kb2 Ke5 43. h4 Kf4 44. Bb7 Rh3 45. Kb3 e3 46. Ba6
Bd5+ 47. Kb2 Rxh4 48. Rf1+ Bf3 49. Kb3 Rh2 50. Bd3 e2 51. Ra1 Bd5+ 52. Ka3 Ke3
53. Kb2 Rh1 54. Rxh1 Bxh1 55. Bxe2 Kxe2 56. Kb3 Bd5+ 57. c4 d3 58. cxd5 d2 0-1

[Event "FIDE World Rapid Team"]
[Site "London ENG"]
[Date "2025.06.12"]
[Round "8.4"]
[White "Suleimen, Ergali"]
[Black "Mhango, Banele"]
[Result "1/2-1/2"]
[WhiteTitle "FM"]
[BlackTitle "FM"]
[WhiteElo "2302"]
[BlackElo "2236"]
[WhiteTeam "Rookies"]
[BlackTeam "Mother Continent"]
[WhiteFideId "13724452"]
[BlackFideId "14327040"]
[EventDate "2025.06.11"]
[EventType "team"]

1. e4 c5 2. Nf3 d6 3. d4 cxd4 4. Nxd4 Nf6 5. Nc3 a6 6. f4 e5 7. Nf3 Qc7 8. a4
Be7 9. Bd3 O-O 10. O-O Nbd7 11. Kh1 b6 12. fxe5 dxe5 13. Nh4 g6 14. Bh6 Re8 15.
Qf3 Bb7 16. Nf5 Bf8 17. Bxf8 Rxf8 18. Qg3 Kh8 19. Nh6 Nh5 20. Qh4 f6 21. Rae1
Nc5 22. Ng4 Nf4 23. Re3 Rad8 24. Ne2 g5 25. Qg3 f5 26. Nh6 Nfxd3 27. cxd3 f4 28.
Qxg5 Ne6 29. Qh5 Ng7 30. Qg5 fxe3 31. Rf7 Rxf7 32. Qxd8+ Qxd8 33. Nxf7+ Kg8 34.
Nxd8 Ba8 35. b4 b5 36. axb5 axb5 37. d4 exd4 38. Nxd4 Bxe4 39. Kg1 Kf8 40. Kf1
Ke7 41. N8c6+ Kd6 42. Na7 Bd3+ 43. Ke1 Kd5 44. Ndxb5 Nh5 45. Nc3+ Kc4 46. Nd1
Kxb4 47. Nxe3 Kc5 48. Nc8 Kd4 49. Kf2 Bg6 50. Ne7 Be4 51. g4 Nf4 52. N7f5+ Ke5
53. h4 Nd3+ 54. Kg3 h5 55. Ng7 hxg4 56. Nxg4+ Kd6 57. h5 Ke7 58. h6 Kf7 59. Kh4
Kg6 60. Nh5 Bf3 61. Nhf6 Bxg4 62. h7 Kg7 63. Kxg4 Ne5+ 64. Kf5 Nd7 65. Nxd7 Kxh7 1/2-1/2

[Event "FIDE World Rapid Team"]
[Site "London ENG"]
[Date "2025.06.12"]
[Round "8.5"]
[White "QUICKPEN, Deborah Ebimobo-ere"]
[Black "Nurgaliyeva, Zarina"]
[Result "0-1"]
[WhiteTitle "WCM"]
[BlackTitle "WFM"]
[WhiteElo "2081"]
[BlackElo "2252"]
[WhiteTeam "Mother Continent"]
[BlackTeam "Rookies"]
[WhiteFideId "8511616"]
[BlackFideId "13730096"]
[EventDate "2025.06.11"]
[EventType "team"]

1. c4 e5 2. g3 c6 3. Nf3 e4 4. Nd4 d5 5. cxd5 Qxd5 6. e3 Nf6 7. Nc3 Qe5 8. Bg2
Bc5 9. Nb3 Bb6 10. O-O O-O 11. d4 exd3 12. Qxd3 Rd8 13. Qc2 Na6 14. a3 Qh5 15.
Ne2 g5 16. Ned4 Bh3 17. Bxh3 Qxh3 18. Qf5 Qxf5 19. Nxf5 Ne4 20. f3 Nd6 21. Nxd6
Rxd6 22. a4 Re8 23. Nd4 Bxd4 24. exd4 h6 25. Rd1 c5 26. Kf2 cxd4 27. b3 Rc8 28.
Rd2 d3 29. Ba3 Rd7 30. Bb2 Nc5 31. Rc1 Rc6 32. Rc3 Rdc7 33. Kg2 b6 34. Ba3 Ne6
35. Rxc6 Rxc6 36. Rxd3 Kg7 37. Rd7 Rc2+ 38. Kh3 Kg6 39. Bb4 Rb2 40. Rd3 h5 41.
Bd2 f6 42. b4 Ng7 43. Kg2 Nf5 44. Kf2 Ne7 45. Ke3 Ra2 46. a5 bxa5 47. bxa5 Nc6
48. Rd5 Ne5 49. Bc3 Ra3 50. Rc5 g4 51. fxg4 Nxg4+ 52. Kd2 Nxh2 53. Rc6 Nf1+ 54.
Kd3 Kg5 55. Kc2 Nxg3 56. Bxf6+ Kf5 57. Bc3 Ne2 58. Rc5+ Kg4 59. Bb2 Rf3 60. Rc7
h4 61. Rxa7 h3 62. Rg7+ Kf5 63. a6 h2 64. Rf7+ Kg4 65. Rxf3 h1=Q 66. Re3 Qc6+
67. Kd2 Nf4 68. Ra3 Qg2+ 69. Kc1 Nd5 70. a7 Qf1+ 71. Kc2 Qe2+ 72. Kb3 Qd3+ 73.
Ka2 Nb4+ 74. Ka1 Qd1+ 0-1

[Event "FIDE World Rapid Team"]
[Site "London ENG"]
[Date "2025.06.12"]
[Round "8.1"]
[White "Harvey, Marcus R"]
[Black "Chinguun, Sumiya"]
[Result "1/2-1/2"]
[WhiteTitle "IM"]
[BlackTitle "FM"]
[WhiteElo "2445"]
[BlackElo "2415"]
[WhiteTeam "Wood Green"]
[BlackTeam "The MongolZ"]
[WhiteFideId "400092"]
[BlackFideId "4902572"]
[EventDate "2025.06.11"]
[EventType "team"]

1. Nf3 Nf6 2. b3 g6 3. Bb2 Bg7 4. g3 c5 5. c4 O-O 6. Bg2 Nc6 7. O-O b6 8. d4
cxd4 9. Nxd4 Bb7 10. Nc3 Qc8 11. Nd5 Nxd5 12. cxd5 Nxd4 13. Bxd4 Bxd4 14. Qxd4
Qc5 15. Qxc5 bxc5 16. d6 Bxg2 17. dxe7 Bxf1 18. exf8=Q+ Kxf8 19. Kxf1 Ke7 20.
Rc1 Rc8 21. Rc4 d5 22. Ra4 Rc7 23. Ke1 Kd6 24. Ra6+ Ke5 25. Kd2 h5 26. Kd3 Kf5
27. Ra4 Ke5 28. e4 dxe4+ 29. Rxe4+ Kd5 30. Ra4 Re7 31. Ra6 Rd7 32. h4 Re7 33.
Ra5 Kc6 34. Ra6+ Kd5 35. Ra4 Kc6 36. Rf4 Kd5 37. Rf6 Rd7 38. f4 Re7 39. Ra6 Rd7
40. Ke3 Re7+ 41. Kf3 Kd4 42. Ra4+ Kd3 43. f5 Rd7 44. Ra5 c4 45. bxc4 Kxc4 46. a3
Rd1 47. fxg6 fxg6 48. Rxa7 Rd3+ 49. Kf4 Rd4+ 50. Ke5 Rd3 51. Kf4 Rd4+ 52. Kf3
Rd3+ 53. Kg2 Rd2+ 54. Kh3 Rd6 55. Ra5 Kd4 56. a4 Ke4 57. Ra8 Kf5 58. Rf8+ Ke6
59. Rf1 Ra6 60. Rf4 Ra5 61. Rb4 Rc5 62. Rb6+ Kf7 63. Rb3 Ra5 64. Ra3 Kf6 65. Kg2
g5 66. hxg5+ Kxg5 67. Kf3 Kf5 68. Ra1 Ke5 69. Ra2 Kf5 70. Ra1 Ke5 71. Ke3 Ke6
72. Ra2 Ke5 73. Ra3 Ke6 74. Kd4 Kd6 75. Kc4 Kc6 76. Kd4 Rg5 77. a5 Kb7 78. Ke4
h4 79. a6+ Ka7 1/2-1/2

[Event "FIDE World Rapid Team"]
[Site "London ENG"]
[Date "2025.06.12"]
[Round "8.2"]
[White "Reimanis, Ritvars"]
[Black "Wadsworth, Matthew J"]
[Result "1-0"]
[WhiteTitle "IM"]
[BlackTitle "IM"]
[WhiteElo "2355"]
[BlackElo "2481"]
[WhiteTeam "The MongolZ"]
[BlackTeam "Wood Green"]
[WhiteFideId "11602988"]
[BlackFideId "415804"]
[EventDate "2025.06.11"]
[EventType "team"]

1. d4 d5 2. Nf3 Nf6 3. Nc3 Bf5 4. Nh4 e6 5. Nxf5 exf5 6. Qd3 Qd7 7. g3 c6 8. Bh3
g6 9. O-O Bg7 10. a4 O-O 11. a5 Na6 12. Na4 Rfe8 13. c3 Qe7 14. Re1 Ne4 15. b4
Nc7 16. f3 Nd6 17. Bf4 Ncb5 18. Bg2 h5 19. h4 Bf6 20. Ra2 b6 21. e3 Qd8 22. Nb2
Rc8 23. axb6 axb6 24. Rea1 Nc7 25. Bf1 b5 26. Qd2 Nc4 27. Qf2 Ne6 28. Nd3 Nxf4
29. exf4 Re3 30. Rc1 Re7 31. Ne5 Ra8 32. Nxc6 Rxa2 33. Qxa2 Qe8 34. Nxe7+ Qxe7
35. Qe2 Qd8 36. Qe1 Nd6 37. Ra1 Qc8 38. Ra5 Qc6 39. Qa1 Kg7 40. Ra6 Qd7 41. Qa5
Bd8 42. Qa2 Qe6 43. Kf2 Be7 44. Bxb5 Qc8 45. Rc6 Qb7 46. Qxd5 Qxb5 47. Rxd6 Qa4
48. Qe5+ 1-0

[Event "FIDE World Rapid Team"]
[Site "London ENG"]
[Date "2025.06.12"]
[Round "8.3"]
[White "Czopor, Maciej"]
[Black "Itgelt, Khuyagtsogt"]
[Result "1/2-1/2"]
[WhiteTitle "IM"]
[BlackTitle "IM"]
[WhiteElo "2423"]
[BlackElo "2425"]
[WhiteTeam "Wood Green"]
[BlackTeam "The MongolZ"]
[WhiteFideId "21805431"]
[BlackFideId "4902912"]
[EventDate "2025.06.11"]
[EventType "team"]

1. c4 c6 2. Nf3 d5 3. e3 e6 4. b3 f5 5. Bb2 Nf6 6. g3 Bd6 7. Bg2 O-O 8. O-O Nbd7
9. Nc3 Qe7 10. Qc2 a6 11. d3 e5 12. cxd5 cxd5 13. e4 fxe4 14. dxe4 d4 15. Nd5
Nxd5 16. exd5 Nc5 17. Rfe1 Bf5 18. Qd2 Nd3 19. Nxd4 Nxe1 20. Nxf5 Rxf5 21. Rxe1
Raf8 22. Re2 Bc5 23. d6 Qxd6 24. Qxd6 Bxd6 25. Bd5+ Kh8 26. Kg2 b6 27. f3 Rd8
28. Be4 Rff8 29. h4 Bb4 30. Bxe5 Rd2 31. Rxd2 Bxd2 32. h5 h6 33. a4 Bb4 34. Bd3
a5 35. Bc4 Be7 36. Bd4 Bc5 37. Bc3 Rd8 38. f4 Bd4 39. Be1 Kh7 40. Kf3 Bc5 41. g4
g6 42. hxg6+ Kxg6 43. Bh4 Rf8 44. f5+ Kg7 45. f6+ Rxf6+ 46. Bxf6+ Kxf6 47. Bd5 1/2-1/2

[Event "FIDE World Rapid Team"]
[Site "London ENG"]
[Date "2025.06.12"]
[Round "8.4"]
[White "Nomin-Erdene, Davaademberel"]
[Black "Willow, Jonah B"]
[Result "1-0"]
[WhiteTitle "IM"]
[BlackTitle "IM"]
[WhiteElo "2293"]
[BlackElo "2470"]
[WhiteTeam "The MongolZ"]
[BlackTeam "Wood Green"]
[WhiteFideId "4900782"]
[BlackFideId "438804"]
[EventDate "2025.06.11"]
[EventType "team"]

1. e4 e6 2. d4 d5 3. Nc3 Bb4 4. e5 c5 5. Bd2 Ne7 6. a3 Bxc3 7. Bxc3 b6 8. b4
cxd4 9. Bxd4 O-O 10. Bd3 Nbc6 11. Bb2 Qc7 12. Qh5 Ng6 13. Nf3 h6 14. Bxg6 fxg6
15. Qxg6 Ne7 16. Qd3 Bd7 17. O-O Rac8 18. Rac1 Nf5 19. Nd2 Qb7 20. Nb3 Rc4 21.
Nd4 Nxd4 22. Bxd4 Bb5 23. Rfd1 Qf7 24. Qg3 Qh5 25. c3 Rc7 26. h3 Rcf7 27. Qg4
Qxg4 28. hxg4 Be2 29. Rd2 Bxg4 30. a4 Rc8 31. Ra1 Bh5 32. a5 b5 33. a6 Rfc7 34.
Ra5 Be8 35. Rd3 Rf7 36. Kh2 Kh7 37. Kg3 Rcc7 38. Rf3 g5 39. Rxf7+ Rxf7 40. Be3
Rc7 41. Bd4 Kg6 42. f4 Kf5 43. fxg5 hxg5 44. Ra1 Kg6 45. Rf1 Rc6 46. Kg4 Rxa6
47. Rf6+ Kg7 48. Kxg5 Bf7 49. g4 Ra2 50. Rf3 a5 51. bxa5 Rxa5 52. Bc5 Ra4 53.
Be7 Re4 54. Bf6+ Kf8 55. Rg3 d4 56. cxd4 Rxd4 57. Ra3 b4 58. Ra8+ Be8 59. Rb8
Rc4 60. Rb7 Re4 61. Be7+ Kg8 62. Bxb4 Rxe5+ 63. Kf6 Rb5 64. Rg7+ Kh8 65. Bc3 Rc5
66. Bb2 Rb5 67. Re7 Rxb2 68. Rxe8+ Kh7 69. Re7+ Kg8 70. g5 Rf2+ 71. Kg6 Kf8 72.
Rxe6 Rg2 73. Rb6 Rg1 74. Rb8+ Ke7 75. Kh6 Kf7 76. Rb7+ Kg8 77. Kg6 Kf8 78. Rb5
Rg2 79. Rf5+ Kg8 80. Ra5 Kf8 81. Ra8+ Ke7 82. Rg8 Rg1 83. Rh8 Rg2 84. Rh7+ Kf8
85. Ra7 Rg1 86. Ra5 Rg2 87. Rf5+ Kg8 88. Rf6 Rg1 89. Rb6 Kf8 90. Rb8+ Ke7 91.
Rg8 Rg2 92. Kh7 Rh2+ 93. Kg7 Rg2 94. g6 Rg1 95. Ra8 Rg2 96. Kh7 Rh2+ 97. Kg8 Rg2
98. g7 Rg1 99. Ra4 Rb1 100. Rh4 Kf6 101. Kh8 1-0

[Event "FIDE World Rapid Team"]
[Site "London ENG"]
[Date "2025.06.12"]
[Round "8.5"]
[White "Barwick, Carmel"]
[Black "Ulziikhishig Khishigbat"]
[Result "0-1"]
[BlackTitle "FM"]
[WhiteElo "1915"]
[BlackElo "2266"]
[WhiteTeam "Wood Green"]
[BlackTeam "The MongolZ"]
[WhiteFideId "442925"]
[BlackFideId "4908120"]
[EventDate "2025.06.11"]
[EventType "team"]

1. Nf3 d5 2. g3 Nf6 3. Bg2 e6 4. O-O Be7 5. d3 O-O 6. Nbd2 c5 7. b3 Nc6 8. Bb2
d4 9. a4 e5 10. h3 h6 11. Nc4 Qc7 12. Kh2 Be6 13. Re1 Rad8 14. Nfd2 Rfe8 15. e4
b6 16. Bc1 a6 17. Nf3 b5 18. Ncd2 Rc8 19. Nf1 c4 20. bxc4 bxc4 21. dxc4 Bxc4 22.
N1d2 Be6 23. Bf1 Nb4 24. Bd3 Nxc2 25. Bxc2 Qxc2 26. Qxc2 Rxc2 27. Nxe5 Bb4 28.
Nef3 d3 29. Kg2 Rec8 30. Rd1 Ba2 31. Nd4 Bc3 32. Nxc2 dxc2 33. Re1 Bxa1 34. f4
Bc3 35. Re2 Bxd2 36. Rxd2 Nxe4 37. Re2 Bd5 38. Kh2 Rc3 39. g4 Rc4 40. a5 Nc5 41.
Rd2 Nb3 0-1

[Event "FIDE World Rapid Team"]
[Site "London ENG"]
[Date "2025.06.12"]
[Round "8.6"]
[White "Araya Fuentes, Cristian"]
[Black "Gamal, Alaa"]
[Result "0-1"]
[WhiteElo "1921"]
[BlackElo "1831"]
[WhiteTeam "The MongolZ"]
[BlackTeam "Wood Green"]
[WhiteFideId "6502946"]
[BlackFideId "469114"]
[EventDate "2025.06.11"]
[EventType "team"]

1. Nf3 d5 2. g3 Nf6 3. Bg2 e6 4. d3 Bd6 5. Nbd2 b6 6. O-O Bb7 7. Re1 c5 8. e4
dxe4 9. dxe4 Bc7 10. c3 Nbd7 11. Qc2 Qb8 12. a4 a6 13. Nc4 h5 14. h4 Ng4 15. Nh2
Nxf2 16. Bf4 Bxf4 17. gxf4 Ng4 18. e5 O-O 19. Nd6 Bxg2 20. Qxg2 Nxh2 21. Kxh2
Kh7 22. Rg1 g6 23. Nxf7 Rg8 24. Qg5 Qf8 25. Nd6 Qh6 26. Nf7 Qg7 27. Qe7 Nf8 28.
Rad1 Rc8 29. Rd6 b5 30. a5 Ra8 31. b3 Rh8 32. Rc6 Kg8 33. Rc7 Rh7 34. b4 c4 35.
Rg5 Qxf7 0-1

[Event "FIDE World Rapid Team"]
[Site "London ENG"]
[Date "2025.06.12"]
[Round "8.1"]
[White "Eilenberg, Jonas"]
[Black "Amartuvshin, Ganzorig"]
[Result "1/2-1/2"]
[WhiteTitle "FM"]
[BlackTitle "IM"]
[WhiteElo "2316"]
[BlackElo "2430"]
[WhiteTeam "Berlin Lasker Legends"]
[BlackTeam "Mongolia-A"]
[WhiteFideId "16204271"]
[BlackFideId "4902548"]
[EventDate "2025.06.11"]
[EventType "team"]

1. d4 Nf6 2. c4 e6 3. Nc3 Bb4 4. Qc2 d5 5. cxd5 exd5 6. Bg5 h6 7. Bh4 Nc6 8. e3
g5 9. Bg3 h5 10. Bb5 h4 11. Be5 O-O 12. h3 Nxe5 13. dxe5 Ne4 14. Nf3 c6 15. Bd3
f5 16. a3 Bxc3+ 17. bxc3 Qe7 18. c4 Be6 19. Nd4 dxc4 20. Bxe4 fxe4 21. Nxe6 Qxe6
22. Qxe4 Rad8 23. O-O Rd5 24. f4 b5 25. a4 gxf4 26. exf4 Qf5 27. Qe2 Rd4 28.
axb5 cxb5 29. Rxa7 Rxf4 30. Rxf4 Qxf4 31. Rb7 Ra8 32. Qd1 Rf8 33. Rxb5 Qf2+ 34.
Kh1 Qf1+ 35. Qxf1 Rxf1+ 36. Kh2 c3 37. Rc5 Rc1 38. g4 hxg3+ 39. Kxg3 c2 40. Kg2
Re1 41. Rxc2 Rxe5 42. h4 1/2-1/2

[Event "FIDE World Rapid Team"]
[Site "London ENG"]
[Date "2025.06.12"]
[Round "8.2"]
[White "Munkhdalai, Amilal"]
[Black "Yatskar, Martin"]
[Result "1-0"]
[WhiteTitle "IM"]
[BlackTitle "CM"]
[WhiteElo "2385"]
[BlackElo "2225"]
[WhiteTeam "Mongolia-A"]
[BlackTeam "Berlin Lasker Legends"]
[WhiteFideId "4903250"]
[BlackFideId "34109676"]
[EventDate "2025.06.11"]
[EventType "team"]

1. e4 e5 2. Nf3 Nc6 3. Bb5 a6 4. Ba4 Nf6 5. O-O d6 6. Re1 Bd7 7. c4 g6 8. d4
exd4 9. Bxc6 Bxc6 10. Nxd4 Nd7 11. Nxc6 bxc6 12. Qa4 Bg7 13. Qxc6 O-O 14. Nc3
Ne5 15. Qa4 Qh4 16. Qc2 f5 17. exf5 Rxf5 18. Ne4 Raf8 19. h3 c6 20. Be3 d5 21.
cxd5 cxd5 22. Ng3 R5f7 23. Rad1 Nc4 24. Nh1 Rf5 25. b3 Nxe3 26. Rxe3 Bd4 27. Re2
Ba7 28. Rd3 Qf6 29. Qd2 Qd6 30. Qe1 Bb8 31. Ng3 R5f6 32. Qd1 Rf5 33. Red2 Rd8
34. Nxf5 Qh2+ 35. Kf1 gxf5 36. Qf3 Bf4 37. Rd1 d4 38. g3 Qxh3+ 39. Qg2 Qxg2+ 40.
Kxg2 Be5 41. f4 Bf6 42. Rc1 Re8 43. Rc6 Bg7 44. Rxa6 h5 45. Ra5 1-0

[Event "FIDE World Rapid Team"]
[Site "London ENG"]
[Date "2025.06.12"]
[Round "8.3"]
[White "Kunz, Andre"]
[Black "Munkhzul, Turmunkh"]
[Result "0-1"]
[WhiteTitle "CM"]
[BlackTitle "WGM"]
[WhiteElo "2128"]
[BlackElo "2236"]
[WhiteTeam "Berlin Lasker Legends"]
[BlackTeam "Mongolia-A"]
[WhiteFideId "24623652"]
[BlackFideId "4901878"]
[EventDate "2025.06.11"]
[EventType "team"]

1. e4 c5 2. c3 Nf6 3. e5 Nd5 4. d4 cxd4 5. Nf3 Nc6 6. cxd4 d6 7. Bc4 dxe5 8.
dxe5 Ndb4 9. Qb3 e6 10. O-O Na5 11. Qa4+ Bd7 12. Bb5 Bxb5 13. Qxb5+ Nac6 14. Na3
a6 15. Qe2 Qd3 16. Re1 Be7 17. Bg5 Rd8 18. Qe3 Qxe3 19. Rxe3 Nd5 20. Rb3 Bxg5
21. Nxg5 b5 22. Nf3 Ke7 23. Nc2 Rc8 24. Ncd4 Nxd4 25. Nxd4 Rc4 26. Nf3 Rhc8 27.
g3 Rc2 28. Re1 R8c4 29. Kg2 Rb4 30. Rxb4 Nxb4 31. a4 Rxb2 32. axb5 axb5 33. Nd4
Nd3 34. Rf1 Nxe5 35. Kg1 Rb4 36. Nc2 Rb3 37. Ra1 Rc3 38. Ra7+ Kf6 39. Nd4 Nf3+
40. Nxf3 Rxf3 41. Rb7 Rb3 42. Kg2 b4 43. f4 h5 44. Rb5 Rb2+ 45. Kh3 Kg6 46. Rb6
b3 47. Rb5 f6 48. Rb6 Kf5 49. Rb5+ e5 50. fxe5 fxe5 51. Rb4 g5 52. g4+ hxg4+ 53.
Kg3 Rb1 54. Rb8 b2 55. Kg2 Ke4 56. Rb4+ Kd3 57. Rb8 e4 58. Rd8+ Ke3 59. Rb8 Rd1
60. Rb3+ Rd3 61. Rb5 Rd2+ 62. Kg3 Kd3 0-1